| 000 | 01119nam a2200313 i 4500 | ||
|---|---|---|---|
| 001 | 000014081 | ||
| 003 | DO-SdBNP | ||
| 005 | 20241128114448.0 | ||
| 007 | ta | ||
| 008 | 091204s1865 dr 000 0 spa d | ||
| 040 |
_aDO-SdBNP _bspa _cBNPHU _erda |
||
| 041 | _hspa | ||
| 082 |
_a972.9304 _bN964s _222 |
||
| 100 | 1 |
_aNúñez de Arce, D. Gaspar, _d1843- 1903 _eautor _931887 |
|
| 245 | 1 | 0 |
_aSanto Domingo / _cD. Gaspar Núñez de Arce. |
| 264 |
_aMadrid : _bImprenta de Manuel Minuesa, _c1865 |
||
| 300 |
_a160 páginas ; _c23 cm. |
||
| 336 |
_ardacontent _btexto _2txt |
||
| 337 |
_ardamedia _bsin mediación _2n |
||
| 338 |
_ardacarrier _bvolumen _2nc |
||
| 500 | _aIncluye datos biográficos del autor. | ||
| 504 | _aIncluye bibliografía y notas al pie de páginas. | ||
| 533 |
_aFotocopia : _bMadrid : _bManuel Minesa, _c1865. |
||
| 590 | _aInventariado, 2024/DG | ||
| 651 | 4 |
_aRepública Dominicana _xHistoria _yANEXIÓN A ESPAÑA, 1861-1863 _xCorrespondencia, Memorias, Etc. _931888 |
|
| 651 | 4 |
_aRepública Dominicana _xHistoria _y1844- _92805 |
|
| 910 | _aValidado. Control de calidad EMS | ||
| 942 |
_2ddc _cLBS1 |
||
| 999 |
_c13683 _d13683 |
||